Online
Catalog

Trois romanciers quebecois / (Record no. 17639)

MARC details
000 -CABECERA
campo de control de longitud fija 00912cam a2200253 a 4500
001 - NÚMERO DE CONTROL
campo de control 000018118
003 - IDENTIFICADOR DEL NÚMERO DE CONTROL
campo de control DO-SdBNP
005 - FECHA Y HORA DE LA ÚLTIMA TRANSACCIÓN
campo de control 20221128100702.0
008 - DATOS DE LONGITUD FIJA--INFORMACIÓN GENERAL
campo de control de longitud fija 750122s1973 xxc b 000 f fre d
040 ## - FUENTE DE LA CATALOGACIÓN
Centro catalogador/agencia de origen DO-SdBNP
Lengua de catalogación fre
Centro/agencia transcriptor LC
Centro/agencia modificador BNPHU
082 ## - NÚMERO DE LA CLASIFICACIÓN DECIMAL DEWEY
Número de clasificación 863.914
Número de documento/Ítem B558t
100 1# - ENTRADA PRINCIPAL--NOMBRE DE PERSONA
Nombre de persona Bessette, Gérard.
9 (RLIN) 39133
245 10 - MENCIÓN DE TÍTULO
Título Trois romanciers quebecois /
Mención de responsabilidad, etc. Gerard Bessette.
260 ## - PUBLICACIÓN, DISTRIBUCIÓN, ETC.
Lugar de publicación, distribución, etc. Montréal :
Nombre del editor, distribuidor, etc. Du Jour,
Fecha de publicación, distribución, etc. 1973.
300 ## - DESCRIPCIÓN FÍSICA
Extensión 240 p. ;
Dimensiones 20 cm.
504 ## - NOTA DE BIBLIOGRAFÍA, ETC.
Nota de bibliografía, etc. Incluye referencias bibliográficas.
600 10 - PUNTO DE ACCESO ADICIONAL DE MATERIA--NOMBRE DE PERSONA
Nombre de persona Beaulieu, Victor-Levy,
Fechas asociadas al nombre 1945-
Subdivisión general CRÍTICA E INTERPRETACIÓN
9 (RLIN) 39262
600 10 - PUNTO DE ACCESO ADICIONAL DE MATERIA--NOMBRE DE PERSONA
Nombre de persona Langevin, Andre,
Fechas asociadas al nombre 1927-
Subdivisión general CRÍTICA E INTERPRETACIÓN
9 (RLIN) 39263
600 10 - PUNTO DE ACCESO ADICIONAL DE MATERIA--NOMBRE DE PERSONA
Nombre de persona Roy, Gabrielle,
Fechas asociadas al nombre 1909-1983
Subdivisión general CRÍTICA E INTERPRETACIÓN
9 (RLIN) 39264
650 #4 - PUNTO DE ACCESO ADICIONAL DE MATERIA--TÉRMINO DE MATERIA
Término de materia o nombre geográfico como elemento de entrada Novela francesa
Subdivisión general Crítica e interpretación
9 (RLIN) 39265
650 #4 - PUNTO DE ACCESO ADICIONAL DE MATERIA--TÉRMINO DE MATERIA
Término de materia o nombre geográfico como elemento de entrada Literatura francesa
Subdivisión cronológica SIGLO XX
9 (RLIN) 4232
910 ## - DATOS DE OPCIÓN DEL USUARIO (OCLC)
Datos de opción del usuario Catalogación por copia / LC
942 ## - ELEMENTOS DE PUNTO DE ACCESO ADICIONAL (KOHA)
Fuente del sistema de clasificación o colocación Dewey Decimal Classification
Tipo de ítem Koha Libro
Holdings
Estado de retiro Estado de pérdida Restricciones de uso No para préstamo Código de colección Localización permanente Ubicación/localización actual Ubicación en estantería Fecha de adquisición Número de inventario Total de préstamos Signatura topográfica completa Código de barras Fecha visto por última vez Precio válido a partir de Tipo de ítem Koha
        Monografías: Libros y Folletos General General En catalogación 15.04.2010 LF1   863.914 B558t 18118-10 25.06.2020 25.06.2020 Préstamo en sala

Powered by Koha